00554nam a2200133Ia 4500008004100000100002700041245008500068245011200153260005300265260001800318300000800336650001500344856006100359170221s9999 xx 000 0 und d aSergey A. Shelkovnikov aSustainable Development of a Dairy and Grocery Subcomplex in Novosibirsk Region  cSergey A. Shelkovnikov, Sergey A. Tsoy, Anastasiia A. Samokhvalova, Marina S. Petukhova, Michail N. Fedorov bInternational Review of Management and Marketing cDecember 2012 a4:2 xMarketing. uhttp://www.econjournals.com/index.php/irmm/issue/view/88